[Event "Montreal Quebec U1600 op"]
[Site "Montreal"]
[Date "1989.07.29"]
[Round "8"]
[White "Charest, Johanne"]
[Black "Shevchvik, Michel"]
[Result "1-0"]
[WhiteElo "1558"]
[BlackElo "1249"]
[PlyCount "85"]
[EventDate "1989.07.22"]
[EventType "tourn"]
[EventRounds "8"]
[EventCountry "CAN"]
[SourceTitle "EXT 2022"]
[Source "ChessBase"]
[SourceDate "2021.10.06"]
[SourceVersion "1"]
[SourceVersionDate "2021.10.06"]
[SourceQuality "1"]

1. e4 c5 2. Nf3 Nc6 3. d4 cxd4 4. Nxd4 e6 5. Nc3 d6 6. Be3 Nf6 7. Be2 Be7 8. Qd2 a6 9. f4 Qc7 10. Nb3 Bd7 11. a3 b5 12. Rd1 0-0 13. g4 Na5 14. Nxa5 Qxa5 15. g5 Ne8 16. h4 Nc7 17. h5 f6 18. gxf6 Rxf6 19. e5 Rf7 20. exd6 Bf6 21. dxc7 Qxc7 22. Bd4 Bxd4 23. Qxd4 Bc6 24. Rf1 Raf8 25. Bg4 Qe7 26. Be2 Qh4+ 27. Qf2 Qe7 28. Qg3 h6 29. Bd3 e5 30. fxe5 Rf3 31. Rxf3 Rxf3 32. Qg4 Re3+ 33. Kd2 Bd7 34. Qg6 Rxe5 35. Qh7+ Kf8 36. Rf1+ Bf5 37. Rxf5+ Rxf5 38. Qxf5+ Qf6 39. Nd5 Qxf5 40. Bxf5 Kf7 41. Bg6+ Ke6 42. Nc7+ Kf6 43. Nxa6 1-0